Name a Country This Country Borders! - Statistics

General Stats
  • This quiz has been taken 39 times
  • The average score is 55 of 60
Answer Stats
Question Tile Select % Correct
Tunisia Armenia No
100%
Tunisia Iran No
100%
Tunisia Laos No
100%
Tunisia Malaysia No
100%
Tunisia Mexico No
100%
Tunisia Myanmar No
100%
Tunisia North Macedonia No
100%
Tunisia South Africa No
100%
Tunisia Thailand No
100%
Tunisia United States No
100%
Thailand Andorra No
97%
Thailand Argentina No
97%
Thailand Canada No
97%
Russia Denmark No
97%
Thailand France No
97%
Brazil Italy No
97%
Thailand Japan No
97%
Brazil Malaysia No
97%
Brazil Morocco No
97%
Thailand North Korea No
97%
Brazil North Korea No
97%
Brazil Portugal No
97%
Brazil San Marino No
97%
Brazil Somalia No
97%
Russia South Korea No
97%
Thailand St. Lucia No
97%
Thailand Tunisia No
97%
Brazil Vanuatu No
97%
Thailand Vatican City No
97%
Tunisia Algeria Yes
94%
France Algeria No
94%
France Canada No
94%
France El Salvador No
94%
France Estonia No
94%
France Latvia No
94%
France Malta No
94%
France Nicaragua No
94%
France Paraguay No
94%
France Belarus No
91%
Brazil Bolivia Yes
91%
Thailand Brunei No
91%
Brazil Chile No
91%
Russia Finland Yes
91%
Thailand Malaysia Yes
91%
Russia Mongolia Yes
91%
Russia Ukraine Yes
91%
France United Kingdom No
91%
France Andorra Yes
88%
Russia Belarus Yes
88%
Russia China Yes
88%
Russia Kazakhstan Yes
88%
Tunisia Libya Yes
85%
Russia Estonia Yes
82%
Brazil Ecuador No
79%
Thailand Indonesia No
76%
Russia North Korea Yes
76%
Russia Poland Yes
76%
Russia Norway Yes
70%
France Guyana No
61%
Brazil France Yes
52%
No matching quizzes found
Score Distribution
Percent of People with Each Score
Percentile by Number Answered
Your Score History
You have not taken this quiz